000 00377nam a22001457a 4500
020 _a0-07-040849-1
082 _a174.96 MAR
100 _aMARTIN, M.W, SCHINZINGER, ROLAND
_959474
245 _aETHICS IN ENGINEERING
250 _a3RD ED
260 _bMCGRAW HILL
_c1996
300 _aXV,439P
650 _aETHICS IN ENGINEERING.ENGINEERING ETHICS
_959475
942 _cBK
_2ddc
999 _c499671
_d499671